000 00463nam a22001457a 4500
082 _aT-92
100 _aEngr. Syed Abid Ali Shah
_948444
245 _aLoad transfer from high strength concrete interior columns through ordinary strength concrete slabs
_cEngr. Syed Abid Ali Shah
260 _aRisalpur
_bMCE
_c1999
300 _axii, 71.p:
526 _a0
_b0
_c0
_dT_92
650 _aThesis
_934811
700 _aEngr. Syed Abid Ali Shah
_948444
942 _2ddc
_cBK
999 _c551391
_d551391